<?xml version="1.0" encoding="UTF-8"?>
<record
    xmlns:xsi="http://www.w3.org/2001/XMLSchema-instance"
    xsi:schemaLocation="http://www.loc.gov/MARC21/slim http://www.loc.gov/standards/marcxml/schema/MARC21slim.xsd"
    xmlns="http://www.loc.gov/MARC21/slim">

  <leader>01277nam a22001937a 4500</leader>
  <controlfield tag="008">160601b        xxu||||| |||| 00| 0 eng d</controlfield>
  <datafield tag="020" ind1=" " ind2=" ">
    <subfield code="a">9789871701469</subfield>
  </datafield>
  <datafield tag="020" ind1=" " ind2=" ">
    <subfield code="a">9871701462</subfield>
  </datafield>
  <datafield tag="082" ind1=" " ind2=" ">
    <subfield code="a">709.2</subfield>
    <subfield code="b">V492m</subfield>
  </datafield>
  <datafield tag="100" ind1=" " ind2=" ">
    <subfield code="a">Rob Verf; Mar&#xED;a Elena Lucero; Mar&#xED;a Jos&#xE9; Herrera</subfield>
    <subfield code="9">5123</subfield>
  </datafield>
  <datafield tag="245" ind1=" " ind2=" ">
    <subfield code="a">El Momento = The Moment</subfield>
    <subfield code="c">Rob Verf; Mar&#xED;a Elena Lucero; Mar&#xED;a Jos&#xE9; Herrera</subfield>
  </datafield>
  <datafield tag="260" ind1=" " ind2=" ">
    <subfield code="a">Buenos Aires</subfield>
    <subfield code="b">Elaleph</subfield>
    <subfield code="c">2012</subfield>
  </datafield>
  <datafield tag="300" ind1=" " ind2=" ">
    <subfield code="a">208 pag</subfield>
    <subfield code="b"> ill</subfield>
    <subfield code="c">21 cm</subfield>
  </datafield>
  <datafield tag="505" ind1=" " ind2=" ">
    <subfield code="t">American Beuty is not real. Seis notas sobre algunas fricciones visuales.</subfield>
    <subfield code="r">Maria Elena Lucero</subfield>
    <subfield code="t">Rob verf. La pintura espejo del ser.</subfield>
    <subfield code="r">Maria Jos&#xE9; Herrera</subfield>
    <subfield code="t">El Momento I The Moment</subfield>
    <subfield code="r">Rob Verf </subfield>
    <subfield code="t">Insomnio</subfield>
    <subfield code="t">Dibujos secretos </subfield>
    <subfield code="t">Utrech </subfield>
    <subfield code="t">Pintura anticomercial </subfield>
    <subfield code="t">Happenings</subfield>
    <subfield code="t">Dar forma a los pensamientos </subfield>
    <subfield code="t">Nada </subfield>
    <subfield code="t">Series </subfield>
    <subfield code="t">Rotterdam </subfield>
    <subfield code="t">Basura </subfield>
    <subfield code="t">Rusia </subfield>
    <subfield code="t">Experimentaci&#xF3;n </subfield>
    <subfield code="t">Buenos Aires </subfield>
    <subfield code="t">Uruguay </subfield>
    <subfield code="t">La Crisis </subfield>
    <subfield code="t">El bombon de constituci&#xF3;n </subfield>
    <subfield code="t">El maestro </subfield>
    <subfield code="t">Nueva york </subfield>
    <subfield code="t">Ense&#xF1;ando y aprendiendo </subfield>
    <subfield code="t">Movimiento </subfield>
    <subfield code="t">Producto X</subfield>
    <subfield code="t">Color </subfield>
    <subfield code="t">Forma y Color </subfield>
    <subfield code="t">Espacio/Habitaci&#xF3;n </subfield>
    <subfield code="t">&#xBF;No somos todos prisioneros de la caverna de Platon </subfield>
    <subfield code="t">Palabras de agradecimiento</subfield>
    <subfield code="t">Biografia de Rob Verf </subfield>
    <subfield code="t">Sobre los autores </subfield>
  </datafield>
  <datafield tag="650" ind1=" " ind2=" ">
    <subfield code="a">Rob Verf 1964-</subfield>
    <subfield code="9">5124</subfield>
  </datafield>
  <datafield tag="653" ind1=" " ind2=" ">
    <subfield code="a">Artistas - Biograf&#xED;a </subfield>
  </datafield>
  <datafield tag="653" ind1=" " ind2=" ">
    <subfield code="a">Arte Moderno </subfield>
  </datafield>
  <datafield tag="653" ind1=" " ind2=" ">
    <subfield code="a">Artistas - Pa&#xED;ses Bajos </subfield>
  </datafield>
  <datafield tag="999" ind1=" " ind2=" ">
    <subfield code="c">934</subfield>
    <subfield code="d">934</subfield>
  </datafield>
  <datafield tag="952" ind1=" " ind2=" ">
    <subfield code="0">0</subfield>
    <subfield code="1">0</subfield>
    <subfield code="2">ddc</subfield>
    <subfield code="4">0</subfield>
    <subfield code="7">0</subfield>
    <subfield code="a">LV</subfield>
    <subfield code="b">LV</subfield>
    <subfield code="c">Monograf&#xED;as</subfield>
    <subfield code="d">2016-06-01</subfield>
    <subfield code="l">0</subfield>
    <subfield code="o">709.2 V492m</subfield>
    <subfield code="p">004181</subfield>
    <subfield code="r">2016-06-01 00:00:00</subfield>
    <subfield code="w">2016-06-01</subfield>
    <subfield code="y">01</subfield>
  </datafield>
</record>
